Central Library OPAC University of Rajshahi

The pharmaceutical codex : (Record no. 73301)

MARC details
000 -LEADER
fixed length control field 01476nam a2200277 a 4500
001 - CONTROL NUMBER
control field 73301
003 - CONTROL NUMBER IDENTIFIER
rucl marc code BD-RjUL
005 - DATE AND TIME OF LATEST TRANSACTION
control field 20211209082356.0
008 - FIXED-LENGTH DATA ELEMENTS--GENERAL INFORMATION
fixed length control field 170530s1979 enka 001 0 eng d
020 ## - INTERNATIONAL STANDARD BOOK NUMBER
International Standard Book Number 08536901290
International Standard Book Number 0853691290
035 ## - SYSTEM CONTROL NUMBER
System control number (BD-RjUL)73519
040 ## - CATALOGING SOURCE
Original cataloging agency NLM
Transcribing agency NLM
Modifying agency AZA
-- SBH
-- OKH
-- EQO
-- BD-RjUL
Language of cataloging eng
041 ## - LANGUAGE CODE
Language code of text/sound track or separate title eng
082 ## - DEWEY DECIMAL CLASSIFICATION NUMBER
Edition number 23
Classification number 615.1141
Author mark and year PHP 1979
110 2# - MAIN ENTRY--CORPORATE NAME
Corporate name or jurisdiction name as entry element Pharmaceutical Society of Great Britain.
Subordinate unit Department of Pharmaceutical Sciences.
9 (RLIN) 201817
245 14 - TITLE STATEMENT
Title The pharmaceutical codex :
Remainder of title incorporating the British pharmaceutical codex /
Statement of responsibility, etc. prepared in the Department of Pharmaceutical Sciences of the Pharmaceutical Society of Great Britain and published by direction of the Society's Council.
250 ## - EDITION STATEMENT
Edition statement 11th ed.
260 ## - PUBLICATION, DISTRIBUTION, ETC. (IMPRINT)
Place of publication, distribution, etc. London :
Name of publisher, distributor, etc. Pharmaceutical Press,
Date of publication, distribution, etc. 1979.
300 ## - PHYSICAL DESCRIPTION
Pagination xxiii, 1101 :
Illustrations ill. ;
Size 28 cm.
500 ## - GENERAL NOTE
General note Previous edition called: British pharmaceutical codex, 1973.
520 ## - SUMMARY, ETC.
Summary, etc. Alphabetical listing of diseases, medicinal substances, entries on pharmaceutical topics, pesticides, surgical dressings, and entries describing chromatographic and spectrophotometric techniques. "Intended to update the British Pharmaceutical Codex 1973 as a formulary and general reference book but does not supersede that volume in respect of any standards not taken into the British Pharmacopoeia."
650 #2 - SUBJECT ADDED ENTRY--TOPICAL TERM
Topical term or geographic name as entry element Pharmacopoeias
Geographic subdivision Great Britain
9 (RLIN) 201812
942 ## - ADDED ENTRY ELEMENTS (KOHA)
Source of classification or shelving scheme Dewey Decimal Classification
Koha item type Books
Holdings
Lost status Source of classification or shelving scheme Damaged status Not for loan Collection code Permanent Location Current Location Shelving location Date acquired Source of acquisition Total Checkouts Full call number Date last seen Copy number Koha item type
  Dewey Decimal Classification   Not For Loan Non-fiction Central Library, University of Rajshahi Central Library, University of Rajshahi Reading Room 22/10/1991 British council   615.1141 PHP 1979 30/05/2017 C-1 Books